| 000 | 00674nam a22001937a 4500 | ||
|---|---|---|---|
| 999 |
_c20446 _d20446 |
||
| 003 | AR-CdUCM | ||
| 008 | 190530b ||||| |||| 00| 0 spa d | ||
| 040 |
_aMUNICIPALIDAD PROVINCIAL DEL CUSCO _cBIBLIOTECA MUNICIPAL DEL CUSCO |
||
| 082 |
_23ed _a657 / _bP666 |
||
| 100 |
_aPique Batlle, Ricardo _942752 |
||
| 245 | _aCómo se lee y examina un balance / | ||
| 260 |
_aBarcelona : _bBosch, _c1950. |
||
| 300 |
_a399 páginas ; _c23 cm. |
||
| 505 | _aContenido: La teoría contable -- El balance -- Introducción al examen y lectura del balance... | ||
| 650 |
_aBalances _914835 |
||
| 650 |
_aAnálisis y sistemas _942753 |
||
| 942 |
_2ddc _cLIBROS |
||
| 945 |
_adavv _d2019-05-30 |
||